Land vs. Land #91 - Statistiken

Allgemein
  • Dieses Quiz wurde 16 mal gespielt
  • Das Durchschnittsergebnis liegt bei 11 aus 14
Antwortstatistiken
Frage Antwort % Korrekt
...Einwohner? Libanon🇱🇧
100%
...Frieden? Montenegro🇲🇪
100%
...durchschnittlicher IQ? Montenegro🇲🇪
100%
...HDI (Human Development Index)? Montenegro🇲🇪
93%
...Gesundheitswesen? Montenegro🇲🇪
93%
...Militär? Libanon🇱🇧
86%
...Bruttoinlandsprodukt pro Kopf? Montenegro🇲🇪
86%
...Happy Planet Index? Montenegro🇲🇪
86%
...Lebenserwartung? Montenegro🇲🇪
86%
...Gewinner? Montenegro🇲🇪
86%
...Bruttoinlandsprodukt? Libanon🇱🇧
64%
...Tourismus? Montenegro🇲🇪
64%
...Exportmengen? Libanon🇱🇧
50%
...Fläche? Montenegro🇲🇪
21%
Keine übereinstimmenden Quizze gefunden
Verteilung der Resultate
Anzahl Personen mit jedem Resultat
Perzentil nach korrekt beantworteten Fragen
Ihre Resultats-Entwicklung
Sie haben dieses Quiz noch nicht gespielt